| 000 | 00630nam a22001937a 4500 | ||
|---|---|---|---|
| 999 |
_c171088 _d171088 |
||
| 005 | 20200106145814.0 | ||
| 010 | _aA-645656 | ||
| 020 |
_c30.00 _a- |
||
| 035 | _aA-645656 | ||
| 037 |
_bDBAD/PUB _a- |
||
| 082 | _a808.044 | ||
| 100 | _aگیا ن چند جين | ||
| 245 |
_aا ر د و کا ا پنا عر و ض _cگیا ن چند جين |
||
| 246 |
_bUrdu Ka Apna Urooz (Urdu) _aby Prof. Gyan Chand Jain |
||
| 260 |
_aN.Delhi _bAnjuman Taraqui Urdu (Hind) _c1990 ء |
||
| 270 |
_aUrdu Ghar Rode Evenue, _bN.Delhi _e110002 _k- _l- |
||
| 300 |
_a96 ص _c22 Cm(Hb) |
||
| 942 |
_2ddc _cUR _h808.044 _mج ي ن |
||